|
|
|
|
| LEADER |
00000naa a2200000 i 4500 |
| 001 |
publ619 |
| 005 |
20150324155538.0 |
| 008 |
150324s2011 hu o 000 zxx d |
| 020 |
|
|
|a 978 963 9639 43 0
|
| 040 |
|
|
|a BGE Publikációtár Repozitórium
|b hun
|
| 100 |
1 |
|
|a Mosonyiné Ádám Gizella
|
| 245 |
1 |
0 |
|a Zárt láncú ellátási lánc kialakulása avagy a fenntarthatóbb szemlélet megjelenése az ellátási láncokban
|c Mosonyiné Ádám Gizella
|h [elektronikus dokumentum]
|
| 260 |
|
|
|a Pannon Egyetem Georgikon Mezőgazdaságtudományi Kar
|b Keszthely
|c 2011
|
| 300 |
|
|
|a 525-535
|
| 490 |
0 |
|
|a "Fenntarthatóság és versenyképesség?" LIII. Georgikon Napok Nemzetközi Tudományos Konferencia, 2011. szeptember 29-30.
|
| 650 |
|
4 |
|a gazdálkodás- és szervezéstudományok
|
| 695 |
|
|
|a Ellátási lánc
|
| 695 |
|
|
|a Logisztika
|
| 856 |
4 |
0 |
|u https://publikaciotar.uni-bge.hu/id/eprint/619/1/MAG%202012.pdf
|z Dokumentum-elérés
|